Creating a happier world: clear, specific suggestions for change (Record no. 380656)

000 -LEADER
fixed length control field 00412cam a22001457a 4500
008 - FIXED-LENGTH DATA ELEMENTS--GENERAL INFORMATION
fixed length control field 180718b1996 xxu||||| |||| 00| 0 eng d
082 ## - DEWEY DECIMAL CLASSIFICATION NUMBER
Classification number T19 D679
100 ## - MAIN ENTRY--PERSONAL NAME
Personal name Dogra, Bharat
245 ## - TITLE STATEMENT
Title Creating a happier world: clear, specific suggestions for change
Statement of responsibility, etc. by Bharat Dogra
260 ## - PUBLICATION, DISTRIBUTION, ETC.
Place of publication, distribution, etc. Delhi
Name of publisher, distributor, etc. The author
Date of publication, distribution, etc. 1996
300 ## - PHYSICAL DESCRIPTION
Extent 43p.
650 ## - SUBJECT ADDED ENTRY--TOPICAL TERM
Topical term or geographic name entry element Social change
650 ## - SUBJECT ADDED ENTRY--TOPICAL TERM
Topical term or geographic name entry element Peace
650 ## - SUBJECT ADDED ENTRY--TOPICAL TERM
Topical term or geographic name entry element Economic development
Holdings
Withdrawn status Lost status Damaged status Not for loan Permanent Location Current Location Date acquired Full call number Barcode Date last seen Price effective from Koha item type
        Indian Institute of Public Administration Indian Institute of Public Administration 1996-11-17 T19 D679 71462 2018-07-21 2018-07-21 Book

Powered by Koha